| 000 | 00350nam a22001577a 4500 | ||
|---|---|---|---|
| 003 | SGT | ||
| 020 | _a978-0-7020-3124-3 | ||
| 082 | _a617.643,O15M | ||
| 100 | _aMILLETT,DECLAN | ||
| 245 | _aORTHODONTICS & PAEDIATRIC DENTISTRY | ||
| 250 | _a2ND | ||
| 260 |
_aEDINBURGH _bELSEVIER _c2015 |
||
| 300 | _a212 | ||
| 650 | _aORTHODONTICS | ||
| 942 |
_2ddc _cBK |
||
| 999 |
_c9885 _d9885 |
||